000 00395nam a2200157Ia 4500
008 160316s1992 xxu||||| |||| 00| 0 eng d
082 _a344.030000
_bEUR
100 _a
245 _aEuropean social charter
250 _a
260 _aStrasbourg
_bCouncil of Europe
_c1992
300 _a355p
_b
_c
365 _b
650 _a1.European Charter - Rport - Independent Experts
700 _a
_a
999 _c17151
_d17151